Ilíada
Salvato in:
| Autore principale: | |
|---|---|
| Natura: | Libro |
| Lingua: | spagnolo |
| Pubblicazione: |
Barcelona
Gredos S. A
2006
|
| Edizione: | 1a. ed |
| Soggetti: | |
| Tags: |
Aggiungi Tag
Nessun Tag, puoi essere il primo ad aggiungerne!!
|
MARC
| LEADER | 00000cam a2200000 a 4500 | ||
|---|---|---|---|
| 001 | UCE5971 | ||
| 003 | CL-VaPUC | ||
| 008 | 150319e20060000sp |||||||||||||||||spa|d | ||
| 020 | |a 9788447346240 | ||
| 082 | 0 | 4 | |a 883 |b HOM |2 21 |
| 100 | |a Homero |e autor |9 265577 | ||
| 245 | 1 | 0 | |a Ilíada |
| 250 | |a 1a. ed | ||
| 300 | |a 586 p | ||
| 942 | |c BK | ||
| 945 | |d 20150319 12:57:00 |a dcastane | ||
| 260 | |a Barcelona |b Gredos S. A |c 2006 | ||
| 600 | 0 | |a Homero |e autor |9 265577 | |
| 650 | 7 | |a POESIA EPICA GRIEGA |2 CL-VaPUC |9 265215 | |
| 583 | |a last modification |c 20181116 01:07:39 |k Rodrigo Vera | ||
| 999 | |c 358480 |d 358478 | ||
| 952 | |0 0 |1 0 |3 erd |4 0 |6 883_000000000000000_HOM_2006 |7 0 |8 R |9 467192 |a BIBEDU |b BIBEDU |c MCIRC |i 5140676 |l 16 |m 11 |o 883 HOM 2006 |p 5140676 |r 2025-04-01 |s 2025-04-01 |w 2019-11-23 |y BK_R |z Catalogado en:20150319 |k LIT | ||
| 952 | |0 0 |1 0 |3 erd |4 0 |6 883_000000000000000_HOM_2006 |7 0 |8 R |9 467193 |a BIBEDU |b BIBEDU |c MCIRC |i 5140684 |l 7 |m 1 |o 883 HOM 2006 |p 5140684 |r 2025-04-01 |s 2025-04-01 |w 2019-11-23 |y BK_R |z Catalogado en:20150319 |k LIT | ||
| 952 | |0 0 |1 0 |3 erd |4 0 |6 883_000000000000000_HOM_2006 |7 0 |8 A |9 467194 |a BIBGIM |b BIBGIM |i 5515734 |l 1 |o 883 HOM 2006 |p 5515734 |r 2025-01-15 |s 2022-06-30 |w 2019-11-23 |y BK |z Catalogado en:20181116 |k GIM | ||